| 000 | 00401nam a2200169Ia 4500 | ||
|---|---|---|---|
| 008 | 170705s9999 xx 000 0 und d | ||
| 020 | _a9780439928601 | ||
| 245 | _aWhere I'd like to be / | ||
| 245 | _cFrances O'Roak Dowell. | ||
| 260 | _aNew York : | ||
| 260 | _bScholastic, | ||
| 260 | _c2003 | ||
| 300 | _a232 pages : | ||
| 300 | _bcolor illustration ; | ||
| 300 | _c19cm. | ||
| 500 | _a910 | ||
| 999 |
_c336622 _d336622 |
||